Progresos en Biología Celular

Salvato in:
Dettagli Bibliografici
Autori principali: Becerra Ratia, Jose (Autore), Pérez-Fígares, J. M (Autore), Fernández Llebrez, P (Autore)
Natura: Libro
Lingua:spagnolo
Pubblicazione: Málaga Departamento de Biología Celular y Genética Universidad de Málaga 1993
Soggetti:
Tags: Aggiungi Tag
Nessun Tag, puoi essere il primo ad aggiungerne!!

MARC

LEADER 00000cam a2200000 a 4500
001 UCF6369
003 CL-VaPUC
005 20210312001706.0
008 130425e19930000sp 1 spa d
020 |a 8474962412 
082 0 4 |a 571.6  |b BEC  |2 21 
100 1 |a Becerra Ratia, Jose  |e author  |9 621980 
700 1 |a Pérez-Fígares, J. M  |e author  |9 621981 
700 1 |a Fernández Llebrez, P  |e author  |9 621982 
245 1 0 |a Progresos en Biología Celular 
260 |a Málaga  |b Departamento de Biología Celular y Genética Universidad de Málaga  |c 1993 
300 |a 429 p 
583 |a last modification  |c 20190909 11:01:03  |k Rodrigo Vera 
650 0 0 |a Citología  |9 261432 
650 0 0 |a Biología celular  |9 341055 
650 0 0 |a Células   |9 269548 
942 |c BK 
945 |a dcastane  |d 20130425 00:00:00 
546 |a En Español 
536 |a Universidad de Málaga 
518 |p Congreso Iberoamericano de Biología Celular, 5, Málaga-España, 1992 
999 |c 384725  |d 384723